Statistics for Guess the Lyrics #65

Click here to take the quiz!

General Stats

  • This quiz has been taken 266 times
  • The average score is 72 of 141

Answer Stats

Lyrics% Correct
I
99%
the
96%
you
96%
and
86%
me
83%
me,
83%
be
82%
do
82%
is
81%
in
78%
my
78%
to
77%
can
72%
are
68%
so
67%
They
64%
ever
61%
All
59%
Can't
55%
like
53%
wanted
49%
needed
47%
here
46%
only
42%
arms
38%
Oh,
38%
girl
32%
does
31%
right
30%
Come
27%
into
26%
little
25%
very
23%
words
23%
Words
23%
world
22%
harm
20%
unnecessary
18%
through
17%
break
16%
silence
16%
understand?
16%
violence
14%
broken
13%
crashing
12%
Feelings
12%
pain
12%
spoken
12%
Enjoy
11%
Vows
11%
Painful
10%
forgettable
9%
meaningless
9%
trivial
8%
intense,
7%
pierce
7%
Pleasures
7%
remain,
6%

Score Distribution

Percentile by Number Answered

Percent of People with Each Score

Your Score History

You have not taken this quiz